Pirates of the Caribbean Characters Quiz Stats

 Plays Quiz Updated Mar 20, 2018

Score 0/25 Timer 10:00
27 Plays Today
% Correct
Captain Jack Sparrow
99.8%
William Turner, Jr.
93.7%
Elizabeth Turner (née Swann)
89.8%
Davy Jones
87.5%
Captain Hector Barbossa
76.7%
Bootstrap Bill Turner
75.9%
Joshamee Gibbs
68.5%
Governor Weatherby Swann
67.9%
Jack the Monkey
67.7%
Tia Dalma/Calypso
66.3%
James Norrington
64.4%
Blackbeard (Edward Teach)
56.5%
Henry Turner
44.4%
% Correct
Lord Cutler Beckett
42.4%
Ragetti
38.4%
Sao Feng
35.6%
Pintel
34.1%
Captain Salazar
33.7%
Angelica
33.1%
Prison Dog
32.1%
Anamaria
32%
Cotton
31.5%
Marty
30.1%
Captain Edward Teague
28.7%
Carina Smyth
25.3%

You're not logged in!

Compare scores with friends on all Sporcle quizzes.
Join for Free
OR
Log In

You Might Also Like...

Show Comments

Extras

Top Quizzes Today


Score Distribution

Your Account Isn't Verified!

In order to create a playlist on Sporcle, you need to verify the email address you used during registration. Go to your Sporcle Settings to finish the process.

Report this User

Report this user for behavior that violates our Community Guidelines.

Details: